000 04997nam a2200457 i 4500
001 000028601
003 DO-SdBNP
005 20250501120733.0
007 ta
008 110411t2010 dr ac 001 0 spa d
020 _a9789945074048
040 _aDO-SdBNP
_bspa
_cBNPHU
_erda
049 _aBNPD
082 4 _a868.44
_bG158j
_222
100 1 _a Galíndez, Jesús de,
_d1915-1956
_983901
_eautor
245 1 0 _aJesús de Galíndez :
_bescritos desde Santo Domingo y artículos contra el régimen de Trujillo en el exterior /
_cJesús de Galíndez ; compilador, Constancio Cassá Bernaldo de Quirós.
264 4 _aSanto Domingo :
_bComisión Permanente de Efemérides Patrias :
_bArchivo General de la Nación,
_c©2010.
300 _a461 páginas :
_bilustraciones, retratos ;
_c23 cm.
336 _2rdacontent
_atexto
_btxt
337 _2rdamedia
_asin mediación
_bn
338 _2rdacarrier
_avolumen
_bnc
490 _aArchivo General de la Nación
_v111
500 _aIncluye índice de artículos publicados por Galíndez en publicaciones de la época.
500 _aIncluye índice onomástico y cronológico.
500 _aIncluye datos biográficos del compilador en la solapa de la contracubierta.
504 _aBibliografía : p. 445-446.
505 0 _aPresentación de los libros del 70º aniversario del exilio español --
_tVida y obra de Jesús de Galíndez Suárez /
_rConstancio Cassá Bernaldo de Quirós --
_gLa guerra :
_tNavidades sangrientas --
_tEl coro de cosacos del Don, en Ciudad Trujillo. La canción del desterrado --
_tEl pelotari que murió de amor --
_tFusilamiento al amanecer --
_tAviones sobre Madrid --
_t¡Gernika! En el quinto aniversario de su masacre por la aviación germana --
_tHa muerto un marino --
_tLa jira cultural del presidente Aguirre --
_tTragedia de amor --
_tLa quinta columna se bautizó en Madrid. Anécdotas y comentarios de una nueva especie jurídica --
_gTemas antitrujillistas :
_tDesde Nueva York Jesús de Galíndez define su actitud --
_tCarta de Galíndez sobre artículo referente a Gugú --
_tUn reportaje sobre Santo Domingo --
_t¡Gugú! --
_gEl derecho :
_tPublicación e interpretación de la leyes 129 --
_tLos problemas actuales del matrimonio y el divorcio ante los conflictos de leyes --
_tEl derecho agrario. Nueva rama que se desgaja del derecho civil --
_tLa Liga de Naciones Americanas. El proyecto de Trujillo y la conferencia de Bogotá --
_tSoberanía y libertad. Dos añejos conceptos absolutos que se relativizan --
_tEl panamericanismo de Bolívar. La Doctrina de Monroe y el Congreso de Panamá --
_tNotable caso de divorcio. De un francés y una colombiana, casados canónicamente en Bogotá y recién divorciados en Ciudad Trujillo --
_tInsistiendo sobre el divorcio. Sentencia de apelación que divorcia a un alemán y una haitiana --
_tRepercusiones de un divorcio. La Academia de Jurisprudencia de Colombia informa sobre un caso anteriormente tratado --
_tEl quintaculumnismo y las reuniones de cancilleres americano --
_tEl método en los estudios universitarios --
_tEl divorcio de extranjeros en la República Dominicana --
_tDe legislación obrera. La nueva ley de salario mínimo --
_tDe legislación obrera. La ley de vacaciones --
505 0 _aRelatos y cuentos--
_tEl cementerio de Pere Lachaise. La ciudad Jardín de los que fueron, en el bullicio del París actual --
_tBordeando el lago Enriquillo --
_tRío Ozama, aguas arriba --
_tCuando la luna riela en Samaná --
_tEl martes comenzaron las clases --
_tCinco Leyendas del Trópico :
_tEl Bahoruco. Leyenda del Lago Enriquillo --
_tTormenta en Haina. Leyenda de las ruinas de Engombe --
_tBeltza, pirata y enamorado. Leyenda de la bahía de Samaná
_tEl precipicio maldito. Leyenda del salto de Jimenoa --
_tTambores en la manigua. Leyenda del río Ozama --
_tBlak-out en la avenida --
_tEl ciclón que no vino --
_tVisión fugitiva --
_tAmanecer en Sans Souci --
_tReseñas a Obras :
_tLas sociedades comerciales en la República Dominicana, de Antonio Tellado --
_tLa audiencia de Santo domingo. El libro del profesor Malagón y la investigación nacional --
_tTemas Vascos :
_tIparraguirre, el bardo romántico --
_tLos vascos en la República Dominicana --
_tEl Irrintzi vasco en la noche tropical --
_tLos vascos en la audiencia de Santo Domingo --
_gÍndice de artículos publicados --
_gÍndice cronológico --
_gBibliografía general.
590 _aInventariado, 2024/BT
650 4 _aEnsayos españoles
_93095
650 4 _aCuentos españoles
_93194
650 4 _aLiteratura española
_9632
650 4 _aDerecho
_xEnsayos, conferencias, etc.
_95703
650 4 _aResistencia civil
_xEnsayos, conferencias, etc.
_955553
650 4 _aRefugiados políticos españoles
_xEnsayos, conferencias, etc.
_955554
650 4 _aVascos en república dominicana
_xEnsayos, conferencias, etc.
_955555
650 0 _aDemografía
_945443
700 1 _aCassá Bernaldo de Quirós, Constancio,
_d1953-,
_ecompilador
_95204
910 _aValidado. Control de calidad EMS.
942 _2ddc
_cLBS1
999 _c28093
_d28093